000
00222 a2200097 4500
001
28745
100
_a
Jahnake, E
245
_a
Tables of functions with formulae and curves
260
_a
_b
Dover
_c
090
_c
19186
_d
19186
942
_a
NUST-CAE
_c
M
_c
10209
999
_c
263818
_d
263818